Brittle Materials in Mechanical Extremes (Record no. 9516)

MARC details
000 -LEADER
fixed length control field 01329nam a2200133Ia 4500
008 - FIXED-LENGTH DATA ELEMENTS--GENERAL INFORMATION
fixed length control field 220615s9999||||xx |||||||||||||| ||und||
020 ## - INTERNATIONAL STANDARD BOOK NUMBER
International Standard Book Number 9783040000000
245 #0 - TITLE STATEMENT
Title Brittle Materials in Mechanical Extremes
546 ## - LANGUAGE NOTE
Language note English[eng]
650 ## - SUBJECT ADDED ENTRY--TOPICAL TERM
Topical term or geographic name entry element restraint||creep||double feedback method||concrete||temperature stress testing machine (TSTM)||alkali-activated slag||elevated temperatures||Na2O concentration||residual strength||brittleness||melting||Fiber-reinforced concrete||X-ray computed tomography (CT)||anisotropic fiber orientation||inverse analysis||silica||super-insulating materials||instrumented indentation||porosity||electro-fused zirconia||microcracking||synchrotron x-ray refraction radiography (SXRR)||thermal expansion||ice||high rate loading||compressive loading||Split Hopkinson bar||in-situ fractography||biomaterials||bioceramics||coating||mechanical properties||existing buildings||reinforced concrete||seismic vulnerability assessment||in situ concrete strength||variability of concrete strength||high speed railway||SBS/CR modified asphalt||long-term aging||anti-aging||engineered cementitious composites||steel grid||fiber||tensile capacity||energy dissipation||ceramics||asphalt||microstructure||strength
700 ## - ADDED ENTRY--PERSONAL NAME
Personal name Bruno, Giovanni
856 ## - ELECTRONIC LOCATION AND ACCESS
Uniform Resource Identifier <a href="https://mdpi.com/books/pdfview/book/3884">https://mdpi.com/books/pdfview/book/3884</a>
942 ## - ADDED ENTRY ELEMENTS (KOHA)
Koha item type E-Books
Holdings
Withdrawn status Lost status Damaged status Not for loan Home library Current library Date acquired Total Checkouts Date last seen Price effective from Koha item type
        Kerala University of Digital Sciences, Innovation and Technology Knowledge Centre Kerala University of Digital Sciences, Innovation and Technology Knowledge Centre 15/06/2022   15/06/2022 15/06/2022 E-Books